000 01361nam a2200277 i 4500
003 DO-SdBNP
005 20260525113201.0
007 ta
008 260525e2019 dr ||||gr|||||||| |bspa d
020 _a9789945169973.
040 _aDO-SdBNP
_bspa
_cBNPHU
_erda
041 _aspa
082 _bQ5p 2019
_222
100 _aQuezada, Lonni,
_d1986-
_978875
_eautor
245 _aPluma, amor y lectura /
_cLonni Quezada.
264 _aSanto Domingo, República Dominicana :
_bEditora Buho,
_c2019.
300 _a134 páginas ;
_c23 x 15.5 cm.
336 _atexto
_btxt
_2rdacontent
337 _asin mediación
_bn
_2rdamedia
338 _avolumen
_bnc
_2rdacarrier
500 _aIncluye biografía del autor en la solapa.
520 _aBenjamín es un adolescente que, pese a la situación precaria de su familia, no se ceja en su esfuerzo por labrarse un futuro mejor. En la biblioteca de su pueblo natal San Vicente, conoce a Roxana, quien lo introduce en el fascinante mundo de la literatura. Escribir se convertirá en una obsesión y matricular en la universidad será su prioridad. Con esfuerzo y dedicación lo logra y, en ese bregar, el amor inocente y puro de la primera juventud lo sorprende. Es una novela en la que muchos podrán sentirse reflejados.
590 _aInventariado, 2026/WG.
650 0 _aNovela dominicana
_9223
942 _2ddc
_cLBS1
999 _c60815
_d60815